Statistical estimation of electrostatic and transport contributions to device parameter variation
Gespeichert in:
| 1. Verfasser: | |
|---|---|
| Weitere Verfasser: | , |
| Format: | Buchkapitel |
| Sprache: | Englisch |
| Tags: |
Keine Tags, Fügen Sie das erste Tag hinzu!
|
MARC
| LEADER | 00000nla$a2200000$$$4500 | ||
|---|---|---|---|
| 001 | 0127859 | ||
| 005 | 20240502083321.8 | ||
| 041 | 0 | |a eng | |
| 044 | |a US | ||
| 245 | 1 | 0 | |a Statistical estimation of electrostatic and transport contributions to device parameter variation |c Urban Kováč, Craig Alexander, Asen Asenov |
| 100 | 1 | |a Kováč, Urban | |
| 700 | 1 | |a Alexander, Craig | |
| 700 | 1 | |a Asenov, Asen | |